Beezus and Ramona. (Record no. 2121)

MARC details
000 -LEADER
fixed length control field 01000cam a22003011 4500
001 - CONTROL NUMBER
control field 2121
003 - CONTROL NUMBER IDENTIFIER
control field FISKH
005 - DATE AND TIME OF LATEST TRANSACTION
control field 20231110094759.0
008 - FIXED-LENGTH DATA ELEMENTS--GENERAL INFORMATION
fixed length control field 750627s1955 xx j 000 0 eng
010 ## - LIBRARY OF CONGRESS CONTROL NUMBER
LC control number 55007623
020 ## - INTERNATIONAL STANDARD BOOK NUMBER
International Standard Book Number 9780439148023
035 ## - SYSTEM CONTROL NUMBER
System control number (OCoLC)1417040
040 ## - CATALOGING SOURCE
Original cataloging agency DLC
Transcribing agency NmPE
Modifying agency FBoU
-- WaChenE
-- DLC
Language of cataloging eng
042 ## - AUTHENTICATION CODE
Authentication code premarc
050 00 - LIBRARY OF CONGRESS CALL NUMBER
Classification number PZ7.C5792
Item number Be
082 ## - DEWEY DECIMAL CLASSIFICATION NUMBER
Classification number 813.54
100 1# - MAIN ENTRY--PERSONAL NAME
Personal name Cleary, Beverly.
245 10 - TITLE STATEMENT
Title Beezus and Ramona.
Statement of responsibility, etc. Illustrated by Louis Darling.
250 ## - EDITION STATEMENT
Edition statement This edition first printing, September 2007
260 ## - PUBLICATION, DISTRIBUTION, ETC.
Place of publication, distribution, etc. New York :
Name of publisher, distributor, etc. Scholastic,
Date of publication, distribution, etc. 1955
300 ## - PHYSICAL DESCRIPTION
Extent 159 pages :
Other physical details illustrations ;
Dimensions 20 cm
505 ## - FORMATTED CONTENTS NOTE
Formatted contents note R<br/>
520 ## - SUMMARY, ETC.
Summary, etc. Beezus' biggest problem is her 4-year-old sister Ramona. Even though Beezus knows sisters are supposed to love each other, with a sister like Ramona, it seems impossible.
521 8# - TARGET AUDIENCE NOTE
Target audience note 780<br/>
Source Lexile<br/>
521 8# - TARGET AUDIENCE NOTE
Target audience note R<br/>
Source Raz-Plus<br/>
906 ## - LOCAL DATA ELEMENT F, LDF (RLIN)
a 7
b cbc
c oclcrpl
d u
e ncip
f 19
g y-gencatlg
942 ## - ADDED ENTRY ELEMENTS (KOHA)
Source of classification or shelving scheme Dewey Decimal Classification
Koha item type Books
Suppress in OPAC No
Holdings
Withdrawn status Lost status Source of classification or shelving scheme Damaged status Not for loan Collection Home library Current library Shelving location Date acquired Total Checkouts Full call number Barcode Date last seen Date last checked out Price effective from Koha item type
    Dewey Decimal Classification     Juvenile Fiction Footprints International School Library Network Toul Kork Campus Footprints International School Library Network Toul Kork Campus TK Primary Library Room(4th Floor), Bookcase 5&6, Shelves 33-56, Orange Books 11/07/2023 1 CLE 813.54 PZ7.C5792 FISTK00510 12/09/2024 09/09/2024 11/07/2023 Books